000 00712nam a2200157 4500
008 709.81 H548b
020 _a8589365204
082 _a709.81
_bH548b
100 _aHenkerhoff, Paulo
_96395
245 _aBeatriz Milhazes
260 _aBrasil
_bBarléu Edições
_c2007
300 _a264 p.
_bill (col)
_c2705 x 26.5 cm
505 _tBeatriz Milhazes: Color and volupté
_tIntroduction
_tThe 1980´s
_tHidden Body
_tHistory of the circle
_tColor
_tBodies, the body
_tLandscape
_tMusic
_tSpace-time
_tBeyond canvas
_tHomo faber
_tChronology
_tBibliography
600 _xarte contemporáneo
_xBrasil
_xarte - pintura
_xarte - crítica e interpretación
_xpintura - Brasil
_xMilhazes, Beatriz
_96396
700 _aLeal, Carlos (editor)
_96397
999 _c1494
_d1494